00629nam a2200169Ia 4500008004100000020001500041041000800056082001800064100001900082245012600101250000600227260003900233300001300272650001700285999001900302952013800321210716s2004 xx 000 0 und d a8129702401 aeng a005.2766 FOXJ aFoxall, James. aSams teach yourself microsoft visual basic .net 2003: in 24 hours complete starter kitbIn 24 hours complete starter kit. a1 aNew DelhibPearson Educationc2004 axvii,552 aVisual Basic c187598d187598 001040708MCAaAIMITbAIMITeHigginbothams Pvt Ltdg250.00l0o005.2766 FOXJpMCA07106r2026-05-23 00:00:00v200.00w2021-07-16yBK